Orígenes de la economía occidental (Record no. 89897)

MARC details
000 -LEADER
campo de control de longitud fija 00545nam a2200169 i 4500
001 - NÚMERO DE CONTROL
campo de control 89897
003 - IDENTIFICADOR DE NÚMERO DE CONTROL
campo de control ES-MaACL
005 - FECHA Y HORA DE LA ÚLTIMA TRANSACCIÓN
campo de control 20230906180310.0
007 - CAMPO FIJO DE DESCRIPCIÓN FÍSICA--INFORMACIÓN GENERAL
campo de control de longitud fija t|
008 - DATOS DE LONGITUD FIJA--INFORMACIÓN GENERAL
campo de control de longitud fija 050114s1957 mx ||||1| spa d
100 1# - ENTRADA PRINCIPAL--NOMBRE DE PERSONA
Nombre de persona Latouche, Robert.
9 (RLIN) 70548
245 10 - MENCIÓN DEL TÍTULO
Título Orígenes de la economía occidental
Resto del título : (siglos IV-XI) /
Mención de responsabilidad, etc. Robert Latouche ; traducción por José Almoina.
260 ## - PUBLICACIÓN, DISTRIBUCIÓN, ETC.
Lugar de publicación, distribución, etc. México :
Nombre del editor, distribuidor, etc. Uteha,
Fecha de publicación, distribución, etc. [1957] (
Fabricante Atenea)
300 ## - DESCRIPCIÓN FÍSICA
Extensión XXIII, 307 p., 26 lám. ;
Dimensiones 23 cm.
700 1# - ENTRADA AGREGADA--NOMBRE PERSONAL
Nombre de persona Almoina, José.
9 (RLIN) 20159
852 ## - LOCALIZACIÓN
Ubicación ES-MaACL
Número de control de estantería A-9792
Sublocalización o colección R.98978
Holdings
Estatus retirado Estado de pérdida Estado de daño No para préstamo Biblioteca de origen Biblioteca actual Ubicación en estantería Fecha de adquisición Fuente de adquisición Total de préstamos Signatura topográfica completa Código de barras Visto por última vez Precio de reemplazo Tipo de ítem Koha
        Biblioteca del Ateneo de Madrid Biblioteca del Ateneo de Madrid Depósito 1 17/01/2008     A-9792 1093881 23/02/2023 23/02/2023 Libro impreso